zpět

Detail výsledku týmu

Spirit Bar - Žižkov, Praha

Datum a čas kvízu

20.5 Celkem bodů Celkový počet nahraných bodů na tomto kvízu bez doplňovacích otázek.
11. Pořadí na kvízu Konečné umístění týmu na tomto kvízu.

Zaznamenané odpovědi

# Otázka Odpověď Body Výsledky
1. Nově zvolený rektor brněnské M... Robert Plaga 0
2. Po několik posledních týdnů by... Severní Korea 1
3. V úterý začal pro Čínu nový ro... znamení Tygra 1
4. Minulý týden jsme se dozvěděli... Prima TV 1
5. První velké překvapení jarní č... Slavia Praha - MFK Karviná 0:1 0
6. Patrně nejznámější čarodějnicí... Kirké 0
7. Tento britsko-kanadský seriál... Čarodějnice školou povinné 1
8. Nechvalnou součástí historie j... Salem 0
9. Rolí Dorotky se ve filmové ada... Judy Garlandová 0
10. Tato legendární postava Lužick... Krabat 0